000 00869nam a2200229Ii 4500
003 JO-AjNU
008 230605s9999||||xx |||||||||||||| ||und||
017 _a2012/10/3898
020 _a978-1-56564-613-1
040 _aJO-AjNU
_bara
_erda
_cJO-AjNU
041 _aara
050 1 4 _aN6260 2013
100 3 _aتحرير ملكاوي، فتحي حسن,
_eauthor
_952291
245 0 0 _a الفن في الفكر الإسلامي : رؤية معرفية ومنهجية
250 _aط1
264 3 1 _aبيروت:المعهد العالمي للفكر الإسلامي،2013
300 _a760ص
336 _atext
_btxt
_2rdacontent
337 _aunmediated
_bn
_2rdamedia
338 _avolume
_bnc
_2rdacarrier
650 4 _aالفن الاسلامي-جماليات الفن الاسلامي-تطبيقات الفن الاسلامي-التنمية الفنية
_952292
999 _aA23155
_c26723
_d26723